Divergent Character Quiz - Statistics

General Stats
  • This quiz has been taken 3,362 times
    2,600 since last reset
  • The average score is 18 of 27
Answer Stats
Hint Answer % Correct
Dauntless Instructor Four
94%
The brave faction Dauntless
93%
Initiate that has a crush on Tris Al
90%
The peaceful faction Amity
90%
^ real name Tobias Eaton
89%
The honest faction Candor
88%
The intelligent faction Erudite
88%
The Selfless faction Abnegation
87%
Tris' brother Caleb Prior
87%
First book Divergent
85%
Tris' best friend Christina
82%
Tris' full name Beatrice Prior
79%
Second Book Insurgent
78%
Initiate who beat Tris up Peter
76%
^ boyfriend Will
76%
^ abusive father Marcus Eaton
75%
Third book Allegiant
65%
Initiate that got stabbed with a butterknife Edward
65%
Author (BEST AUTHOR EVER) Veronica Roth
55%
^ wife Evelyn Eaton
47%
Tris' mother Natalie Prior
45%
other friend who becomes factionless Molly
44%
Tris' father Andrew Prior
43%
^ friend who becomes factionless Drew
32%
Erudite Leader Jeanine Matthews
28%
Girl that left initiation with him Myra
28%
Amity "representitive" Johanna Reyes
17%
No matching quizzes found
Score Distribution
Percent of People with Each Score
Percentile by Number Answered
Your Score History
You have not taken this quiz since the last reset